00281nam a2200109Ia 4500008004100000020001500041100003200056245003900088250000700127260002700134300001000161211105s9999 xx 000 0 und d aVYASA11078 aShastri Vidyasagar K. L. V. 0aSanskritadwitiyadarshaha Reader Ii a\N bR.S. Vadyar & Sonsc\N a121p.